00493nam a22001697a 450000500170000001000150001702000260003203500140005803700130007208200120008524500750009726000400017227000440021230000260025650000190028270000220030120161129123044.0 aENG-116690 a9788184846034c680.00 aEN-100222 bDBAD/PUB a303.484 aDr.B.R. Ambedkar and social transformation /cedited by Anjna Malhotra aNew DelhibRegal Publicationsc2016 aF-159 Rajouri GardenbNew Delhie110027 axvii,130p. c23cm(Hb) aIncludes index a Malhotra, Anjna